000 00741nam a2200169Ia 4500
005 20260225135611.0
008 260225s9999 xx 000 0 und d
020 _a9780415378024
082 _a338.74
_bHAN
100 _aHannah, Leslie
245 0 _aThe Rise of the Corporate Economy /
_cHannah, Leslie
260 _bTaylor & Francis,
_c2005
300 _a268 pages
520 _aLooks at the story of how large corporations have superseded the small competing firms of the nineteenth century. Students of business, economic history and industrial economics will find this book a useful contribution to the debate on the evolution and control of the corporate manufacturing sector.
650 _aBusiness & Economics
942 _cENGLISH
999 _c615544
_d615544